MARC details
| 000 -BAŞLIK |
| Sabit Uzunluktaki Kontrol Alanı |
04053nam a22004097a 4500 |
| 001 - KONTROL NUMARASI |
| Control Dosyası |
0040191 |
| 003 - KONTROL NUMARASI KİMLİĞİ |
| Kontrol Alanı |
KOHA_MİRAKIL |
| 005 - EN SON İŞLEM TARİHİ ve ZAMANI |
| Kontrol Alanı |
20260207003154.0 |
| 007 - FİZİKSEL TANIM SABİT ALAN - GENEL BİLGİ |
| Sabit uzunluklu kontrol alanı |
ta |
| 008 - SABİT UZUNLUKTAKİ VERİ ÖGELERİ - GENEL BİLGİ |
| Sabit Alan |
130429b2013 tu a|||gro|||#1|||0|tur | |
| 020 ## - ISBN - ULUSLARARASI STANDART KİTAP NUMARASI |
| Isbn |
9786058644779 |
| 040 ## - KATALOGLAMA KAYNAĞI |
| Özgün Kataloglama Kurumu |
TR-BiSEU |
| Kataloglama Dili |
tur |
| Çeviri Kurumu |
TR-BiSEU |
| Açıklama Kuralları |
rda |
| 041 0# - DİL KODU |
| Metin ya da ses kaydının dil kodu |
tur |
| 044 ## - YAYINLAYAN/ÜRETEN KURULUŞUN ÜLKE KODU |
| ISO country code |
tu |
| 050 ## - SINIFLAMA ve YER NUMARASI |
| Sınıflama Numarası |
HQ1236.5 |
| Yer Numarası |
.I88 2013 |
| 245 1# - ESER ADI BİLDİRİMİ |
| Başlık |
İstihdamda ve sosyal güvenlikte cinsiyet eşitliği paneli ve çalıştay bildirileri/ |
| Sorumluluk Bildirimi |
Sosyal Güvenlik Kurumu. |
| 264 #1 - ÜRERİM, YAYIN, DAĞITIM ve TELİF BİLDİRİMİ |
| Yayın yeri |
Ankara : |
| Yayınlayan |
Sosyal Güvenlik Kurumu |
| Yayın tarihi |
2013 |
| 300 ## - FİZİKSEL TANIMLAMA |
| Sayfa, Cilt vb. |
213 sayfa : |
| Diğer fiziki detaylar |
gra.; 24 cm |
| 336 ## - İÇERİK TÜRÜ |
| Content type term |
metin |
| Content type code |
txt |
| Source |
rdacontent |
| 337 ## - MEDYA TÜRÜ |
| Media type term |
aracısız |
| Media type code |
n |
| Source |
rdamedia |
| 338 ## - TAŞIYICI TÜRÜ |
| Carrier type term |
cilt |
| Carrier type code |
nc |
| Source |
rdacarrier |
| 490 1# - DİZİ BİLDİRİMİ |
| Dizi Bildirimi |
SGK. |
| 490 1# - DİZİ BİLDİRİMİ |
| Dizi Bildirimi |
Sosyal Güvenlik Kurumu Başkanlığı ; |
| Cilt Numarası |
Yayın No. |
| 490 1# - DİZİ BİLDİRİMİ |
| Dizi Bildirimi |
64 |
| 505 ## - İÇİNDEKİLER NOTU |
| İçindekiler Notu |
AÇILIŞ KONUŞMALARI |
| 650 #0 - KONU BAŞLIĞI EK GİRİŞ - KONU TERİMİ |
| Konusal terim veya coğrafi ad |
Cinsiyet eşitliği--İstihdam--Paneller. |
| 9 (RLIN) |
74570 |
| 650 #0 - KONU BAŞLIĞI EK GİRİŞ - KONU TERİMİ |
| Konusal terim veya coğrafi ad |
Gender equality--Employment--Panels. |
| 9 (RLIN) |
74571 |
| 650 #0 - KONU BAŞLIĞI EK GİRİŞ - KONU TERİMİ |
| Konusal terim veya coğrafi ad |
Cinsiyet eşitliği. |
| 9 (RLIN) |
55632 |
| 650 #0 - KONU BAŞLIĞI EK GİRİŞ - KONU TERİMİ |
| Konusal terim veya coğrafi ad |
Gender equality. |
| 9 (RLIN) |
55633 |
| 650 #0 - KONU BAŞLIĞI EK GİRİŞ - KONU TERİMİ |
| Konusal terim veya coğrafi ad |
Sosyal güvenlik--Paneller. |
| 9 (RLIN) |
74572 |
| 650 #0 - KONU BAŞLIĞI EK GİRİŞ - KONU TERİMİ |
| Konusal terim veya coğrafi ad |
Social security--Panels. |
| 9 (RLIN) |
74573 |
| 830 1# - SERİ EK GİRİŞİ - TEKBİÇİM ESER ADI |
| Tekbiçim Başlık |
SGK. |
| 9 (RLIN) |
74574 |
| 830 1# - SERİ EK GİRİŞİ - TEKBİÇİM ESER ADI |
| Tekbiçim Başlık |
Sosyal Güvenlik Kurumu Başkanlığı ; |
| Volume number/sequential designation |
Yayın No. |
| 9 (RLIN) |
74575 |
| 830 1# - SERİ EK GİRİŞİ - TEKBİÇİM ESER ADI |
| Tekbiçim Başlık |
64 |
| 9 (RLIN) |
2564 |
| 907 ## - LOCAL DATA ELEMENT G, LDG (RLIN) |
| a |
Panel/Oturum |
| 942 ## - EK GİRİŞ ÖGELERİ (KOHA) |
| Source of classification or shelving scheme |
Library of Congress Classification |
| Koha item type |
Book |
| 505 ## - İÇİNDEKİLER NOTU |
| -- |
|
| -- |
Fatih ACAR, Sosyal Güvenlik Kurumu Başkanı ....................................................13 |
| -- |
|
| -- |
Ümit Deniz EFENDİOĞLU, ILO Türkiye Ofisi Direktörü....................................19 |
| -- |
|
| -- |
Doç Dr. Aşkın ASAN, Aile ve Sosyal Politikalar Bakan Yardımcısı.......................22 |
| -- |
|
| -- |
AJze Sibel GÖNÜL, TBMM Kadın Erkek Fırsat Eşitliği Komisyonu Başkam .... 28 |
| -- |
|
| -- |
OTURUM KONUŞMALARI |
| -- |
|
| -- |
Panel Açılış Konuşması |
| -- |
|
| -- |
Yadigar GÖKALP, Sosyal Güvenlik Kurumu Başkan Yardımcısı .........................35 |
| -- |
|
| -- |
İstihdamda Cinsiyet Eşitliğinin Genel Çerçevesi |
| -- |
|
| -- |
Prof. Dr. Yıldız ECEVİT, ODTÜ Kadın Çalışmaları Anabilim Dalı Başkanı 37 |
| -- |
|
| -- |
Çalışma Hayatında Cinsiyet Eşitliğinin Yol Haritası |
| -- |
|
| -- |
Nur GER, TÜSİAD Kadın Erkek Çalışma Grubu Başkanı .....................................47 |
| -- |
|
| -- |
Türkiye'de İşten Çıkışlarda Cinsiyet Eşitliğine İlişkin Demografik Bir Analiz |
| -- |
|
| -- |
Yrd. Doç. Dr. Şeref HOŞGÖR, Başkent Üniversitesi Sigortacılık ve....................55 |
| -- |
|
| -- |
Risk Yönetimi Bölümü Öğretim Üyesi |
| -- |
|
| -- |
Çalışma Hayatında Toplumsal Cinsiyet Eşitliği Projesi ve Sonuçları |
| -- |
|
| -- |
Lütfi İNCİROĞLU, ÇSGB Çalışma Genel Müdür Yardımcısı ..............................59 |
| -- |
|
| -- |
BİLDİRİLER |
| -- |
|
| -- |
Türkiye'de Kadın İstihdamı: İş ve Sosyal Güvenlik Mevzuatında Kadın Çalışanlar |
| -- |
|
| -- |
Orhan YAVUZ, Sosyal Güvenlik Uzmanı...............................................................69 |
| -- |
|
| -- |
Türkiye'de İşten Çıkışlarda Cinsiyet Eşitliğine Dair Demografik Bir Analiz Yasemin Göknur ÜNDEMİR, vd. Sosyal Güvenlik Uzmanı.................................91 |
| -- |
|
| -- |
Türkiye'de Kadınların İşgücüne Katılımında Gözlenen Kayıt Dışı İstihdam Sorunu |
| -- |
|
| -- |
Öznur YALÇINKAYA, Sosyal Güvenlik Uzmanı ................................................107 |
| -- |
|
| -- |
Kadın Yönelik Korumacı Sosyal Güvenlik Mevzuatı |
| -- |
|
| -- |
Gülen Seda İMAMOGLU, Sosyal Güvenlik Uzmanı..........................................139 |
| -- |
|
| -- |
5510 Sayılı Sosyal Sigortalar ve Genel Sağlık Sigortası Kanununda Cinsiyet Eşitliği |
| -- |
|
| -- |
Abdülkadir KULU, Sosyal Güvenlik Uzmanı ......................................................154 |
| -- |
|
| -- |
Ev Eksenli Çalışan Kadınların Sosyal Güvenlik Sistemi Kapsamında Değerlendirilmesi |
| -- |
|
| -- |
Kamer Şaziye AYDIN, Sosyal Güvenlik Uzmanı .................................................173 |
| -- |
|
| -- |
Sosyal Güvenlik Alanında Kadınlar ve Erkekler Arasında İşlem Eşitliği Prensibi: 79/7/EEC Sayılı Direktif ve Türkiye |
| -- |
|
| -- |
Hicran ATATANIR, Sosyal Güvenlik Uzmanı .....................................................196. |